The Common Christian roots of the European Nations : (Record n. 26091)

Dettagli MARC
000 -LEADER
fixed length control field 01382nam a2200301 i 4500
003 - CONTROL NUMBER IDENTIFIER
control field IT-RoINE
005 - DATE AND TIME OF LATEST TRANSACTION
control field 20180918061022.0
008 - FIXED-LENGTH DATA ELEMENTS--GENERAL INFORMATION
fixed length control field 830728s1982 it |r 110|||eng|d
020 ## - INTERNATIONAL STANDARD BOOK NUMBER
International Standard Book Number 8800851398
040 ## - CATALOGING SOURCE
Original cataloging agency DLC
Transcribing agency DLC IT-RoINE
Modifying agency DLC
-- IT-RoINE
041 0# - LANGUAGE CODE
Language code of text/sound track or separate title eng
-- fre
-- ita
245 04 - TITLE STATEMENT
Title The Common Christian roots of the European Nations :
Remainder of title an international colloquium in the Vatican /
Statement of responsibility, etc Pontifical Lateran University ; Catholic University of Lublin.
260 ## - PUBLICATION, DISTRIBUTION, ETC. (IMPRINT)
Place of publication, distribution, etc Florence :
Name of publisher, distributor, etc Le Monnier,
Date of publication, distribution, etc c1982.
300 ## - PHYSICAL DESCRIPTION
Extent 2 v. ;
Dimensions 21 cm.
336 ## - CONTENT TYPE
Source rdacontent
Content type term text
337 ## - MEDIA TYPE
Source rdamedia
Media type term unmediated
338 ## - CARRIER TYPE
Source rdacarrier
Carrier type term volume
500 ## - GENERAL NOTE
General note Actas del Coloquio internacional sobre las raíces cristianas comunes de las naciones europeas.<br/>
504 ## - BIBLIOGRAPHY, ETC. NOTE
Bibliography, etc Incluye referencias bibliográficas en notas al final de cada capítulo.
505 0# - FORMATTED CONTENTS NOTE
Formatted contents note V. 1. General Sessions -- V. 2. Written contributions to the twelve carrefours.
546 ## - LANGUAGE NOTE
Language note Textos en francés, inglés e italiano.
650 ## - SUBJECT ADDED ENTRY--TOPICAL TERM
Topical term or geographic name as entry element Cristianismo
Geographic subdivision Europa
Form subdivision Congresos
9 (RLIN) 51675
651 #4 - SUBJECT ADDED ENTRY--GEOGRAPHIC NAME
Geographic name Europa
General subdivision Civilización
Form subdivision Congresos
9 (RLIN) 51676
710 2# - ADDED ENTRY--CORPORATE NAME
Corporate name or jurisdiction name as entry element Katolicki Uniwersytet Lubelski (Lublin, Polonia)
9 (RLIN) 51677
711 2# - ADDED ENTRY--MEETING NAME
Meeting name or jurisdiction name as entry element International Colloquium on the Common Christian Roots of the European Nations
Date of meeting (1981.
Location of meeting Roma, Italia)
9 (RLIN) 51679
710 2# - ADDED ENTRY--CORPORATE NAME
9 (RLIN) 51678
Corporate name or jurisdiction name as entry element Pontificia Università Lateranense (Vaticano)
942 ## - ADDED ENTRY ELEMENTS (KOHA)
Item type Monografías
Dati di copia
Withdrawn status Lost status Damaged status Not for loan Home library Current library Date acquired Total Checkouts Full call number Barcode Date last seen Price effective from Koha item type Public note
        Iglesia Nacional Española en Roma Iglesia Nacional Española en Roma 16/07/2018   HIS.ECL 221.1 51698 16/07/2018 16/07/2018 Monografías V. 1: General Sessions
        Iglesia Nacional Española en Roma Iglesia Nacional Española en Roma 16/07/2018   HIS.ECL 221.2 51699 16/07/2018 16/07/2018 Monografías V. 2: Written contributions to the twelve carrefours